| 000 | 00481nam a22001817a 4500 | ||
|---|---|---|---|
| 005 | 20251108164140.0 | ||
| 008 | 250721s1984 xx 000 0 ara d | ||
| 082 | 1 | 4 | _a211/فؤا |
| 100 | 1 | _aرضا، فؤاد علي | |
| 245 | 1 | 0 | _aمن علوم القرآن / |
| 250 | _aط3 | ||
| 264 | 1 |
_aبيروت : _bدار اقرأ، _c1984. |
|
| 300 | _a239ص. | ||
| 650 | 1 | 7 | _aالقرآن الكريم |
| 650 | 1 | 7 | _aالعلوم القرآنية |
| 942 |
_2ddc _cBK |
||
| 999 |
_c4881 _d4881 |
||